Výsledky vedy do praxe Rokovala ekonomická komisia Stredoslovenského KV KSS

Podrobná bibliografia
Hlavný autor: (iba) (Autor)
Médium: Článok
Jazyk:slovenčina
Predmet:

MARC

LEADER 00000nab a2200000 a 4500
001 vtls000176126
003 SK-MaSNL
005 20260305042212.0
008 111104c1984 xo 0 slo
015 |a SNBRB19rr/mm-uuuuu 
035 |a CL0186239 
040 |a SNKBUCL  |b slo  |c SNKBUCL  |e AACR2 
041 0 |a slo 
044 |a xo  |c SK 
080 |a 329.15(437.6)  |2 1981 
100 1 |a (iba)  |4 aut  |9 850756 
245 1 0 |a Výsledky vedy do praxe  |b Rokovala ekonomická komisia Stredoslovenského KV KSS  |c (iba) 
610 2 7 |a Komunistická strana Slovenska  |2 snkbucl  |9 30182 
651 7 |a 5301  |2 snkbucl  |9 893756 
651 7 |a Stredoslovenský kraj (Slovensko)  |2 snkbucl  |9 161135 
655 7 |a články z novín a časopisov  |2 snkbucl  |9 267496 
773 0 |t Smer  |g Roč. 36, č. 48 (25. 2. 1984), s. 1-2 
850 |a Slovenská národná knižnica v Martine  |a MTA001 
852 |a SNK  |b KIS3GCP 
958 |a RK 
992 |a RBX 
999 |c 3347340  |d 3349270